Bluey - Finish the Episode Title - Statistics

General Stats
  • This quiz has been taken 678 times
    652 since last reset
  • The average score is 30 of 40
Answer Stats
Hint Answer % Correct
Keepy Uppy
87%
Obstacle Course
85%
Smoochy Kiss
85%
Bob Bilby
84%
Sticky Gecko
83%
Mount Mumanddad
83%
Feather Wand
82%
Born Yesterday
82%
Mini Bluey
81%
Verandah Santa
80%
Ice Cream
79%
Mr Monkeyjocks
79%
Whale Watching
79%
Yoga Ball
78%
Rug Island
78%
Bin Night
78%
Road Trip
78%
Double Babysitter
77%
Duck Cake
77%
Fancy Restaurant
77%
Barky Boats
76%
Dance Mode
76%
Wagon Ride
76%
Musical Statues
76%
Granny Mobile
73%
Bad Mood
73%
See Saw
73%
Christmas Swim
73%
Early Baby
72%
Muffin Cone
72%
Family Meeting
72%
Curry Quest
72%
Swim School
72%
Favorite Thing
72%
Pizza Girls
68%
Baby Race
68%
Spy Game
67%
Daddy Robot
67%
Blue Mountains
62%
TV Shop
61%
No matching quizzes found
Score Distribution
Percent of People with Each Score
Percentile by Number Answered
Your Score History
You have not taken this quiz since the last reset